000 00292nam a22001337a 4500
008 181009b xxu||||| |||| 00| 0 eng d
020 _a9781559344241
041 _aeng
080 _a572
100 _a24
101 _aANT
245 _aBiological Anthropology
_cPark,M.A
942 _2udc
_cBK
999 _c49120
_d49120